| 000 | 00800nam a2200217 a 4500 | ||
|---|---|---|---|
| 001 | BRCA_3827 | ||
| 005 | 20190320204435.0 | ||
| 008 | 970313s1997----cc-a#####b---s000-0#eng-u | ||
| 041 | _aeng | ||
| 044 | _acc | ||
| 050 | 4 |
_aN735.5 _b.U83 1997 |
|
| 245 | 1 | 0 |
_aThe Utah Museum of Fine Arts _bSelected Works from the Permanent Collection _cselected by Frank Sanguinetti ; entries by Will South. |
| 260 |
_aHong Kong _bUniversity of Utah _c1997 |
||
| 300 |
_a200 p. _bil. (algunas a color) _c23 cm. |
||
| 504 | _aIncluye referencias bibliográficas | ||
| 610 | 2 | 4 |
_aUtah Museum of Fine Arts _vCatálogos _xColecciones de arte _99963 |
| 650 | 1 | 4 |
_aArte _vCatálogos _zUtah _zEstados Unidos _99964 |
| 700 | 1 |
_aSanguinetti, E. Frank _d1917- _q(Eugene Frank) _99965 |
|
| 700 | 1 |
_aSouth, Will _99966 |
|
| 942 |
_2lcc _cB |
||
| 999 |
_c3556 _d3556 |
||